000 00887nac a22002897a 4500
001 BR8904582
003 BR-BrBNA
005 20240105121010.0
008 230509b bl.|||m| |||| 00| 0 por d
040 _aBR-BrBNA
_bpor
_cBiblioteca Nacional de Agricultura
072 _aF50; F70
090 _a3389 BR8904582
100 1 _aMello Filho, L.E. de
100 1 _aNeves, L. de J.
110 1 _aHerbarium Bradeanum, Rio de Janeiro, RJ (Brasil)
_95525
245 1 _aAnatomia foliar de Ficus organensis (Miq.)Miq.
260 3 _aRio de Janeiro, RJ (Brasil):
_c1989.
300 _a10 p.
490 _aBradea (Brazil)
_vv. 5(15)
_xISSN 0084-800X
500 _aSummaries (En, Pt); 11 ref.
650 _aPLANTA ORNAMENTAL
650 _aFOLHA
650 _aANATOMIA VEGETAL
650 _aTAXONOMIA VEGETAL
909 _a202312
_bLúcia Elande
_c55
_dLúcia Elande
942 _2AGRIS
_n0
_cMS
999 _c282690
_d282690